000 00335nam a22001337a 4500
003 OSt
005 20260202123126.0
008 260202b |||||||| |||| 00| 0 eng d
040 _c
082 _22026
_a510
_bKUM
245 _aApplied Mathematics - ii
_cKumbhojkar,G.V
260 _bP.Jamnadas & co.
_c2025
942 _2ddc
_cBK
_k510
_mKUM
_n0
999 _c36311
_d36311